| 000 | 00506nam a2200157 i 4500 | ||
|---|---|---|---|
| 001 | 182462 | ||
| 003 | ES-MaACL | ||
| 005 | 20230906221621.0 | ||
| 008 | 130816s2013 sp | |||||||| | spa d | ||
| 080 | _a821.134.2-96"19" | ||
| 100 | 1 |
_aCaminero, J. M. M. ( _d1957-) _9153274 |
|
| 245 | 1 | 0 |
_a[Soliloquios o Enciclopedia Filosofía _b(novela-filosófica) / _cJ.M.M. Caminero]. |
| 260 |
_a[Ciudad Real] : _bJ.M.M. Caminero, _c2013. |
||
| 300 |
_a99 p. ; _c30 cm + _e1 CD-ROM. |
||
| 852 |
_aES-MaACL _j2325-F-24 |
||
| 999 |
_c182462 _d182462 |
||